[Event "Budapest for 1800+"]
[Site "SchemingMind.com"]
[Date "2022.05.10"]
[Round "-"]
[White "Diadoco"]
[Black "Raymond de Kemp"]
[Result "1-0"]
[WhiteCountry "MEX"]
[BlackCountry "NED"]
[WhiteElo "1857"]
[WhiteRD "97"]
[BlackElo "1814"]
[BlackRD "70"]
[GameID "723423"]

1. d4 Nf6 2. c4 e5 3. dxe5 Ng4 4. Bf4 Bb4+ 5. Nd2 Nc6 6. Nf3 Qe7 7. e3 Ncxe5 8. Nxe5 Nxe5 9. Be2 d6 10. O-O a5
11. a3 Bc5 12. Ne4 Bb6 13. Qd5 O-O 14. c5 Be6 15. cxd6 cxd6 16. Qxd6 Qxd6 17. Nxd6 Ng6 18. Bg3 Bd5 19. Bc4 Bxc4 20. Nxc4 Bd8
21. e4 Ra6 22. Rab1 b5 23. Nd6 b4 24. axb4 axb4 25. e5 f6 26. f4 fxe5 27. fxe5 Rxf1+ 28. Kxf1 Bh4 29. Bxh4 Nxh4 30. Rc1 g5
31. Rc8+ Kg7 32. Rb8 Ng6 33. Rb7+ Kh6 34. Nc4 Ra1+ 35. Kf2 Nf4 36. e6 Nd3+ 37. Kg3 Nc5 38. Rb6 Ne4+ 39. Kf3 Nf6 40. e7 Kg7
41. Rxf6
1-0

[Event "Budapest for 1800+"]
[Site "SchemingMind.com"]
[Date "2022.05.09"]
[Round "-"]
[White "Raymond de Kemp"]
[Black "Diadoco"]
[Result "0-1"]
[WhiteCountry "NED"]
[BlackCountry "MEX"]
[WhiteElo "1814"]
[WhiteRD "70"]
[BlackElo "1857"]
[BlackRD "97"]
[GameID "723424"]

1. d4 Nf6 2. c4 e5 3. dxe5 Ng4 4. e3 Nxe5 5. f4 Nec6 6. Nf3 Bc5 7. Bd2 d6 8. a3 a5 9. Bd3 Nd7 10. O-O Nf6
11. Nc3 O-O 12. Qc2 Re8 13. Rae1 h6 14. Kh1 Bg4 15. h3 Bd7 16. Ne4 Nxe4 17. Bxe4 a4 18. Bc3 Qe7 19. Nd2 Nd8 20. Bd3 Bc6
21. e4 Ne6 22. f5 Nd4 23. Qd1 f6 24. Nf3 Nxf3 25. Rxf3 Qd7 26. Rg3 Kh7 27. Rg4 Re7 28. Rf1 Rae8 29. Qf3 b6 30. Rh4 b5
31. Qg3 Kh8 32. Rxh6+ gxh6 33. Bxf6+ Rg7 34. Qg6 Be3 35. cxb5 Rf8 36. bxc6 Qf7 37. Qxg7+ Qxg7 38. Bxg7+ Kxg7 39. Re1 Bd4 40. Re2 Rb8
41. Bc4 Bxb2 42. Re3 Be5 43. Kg1 Bd4
0-1

[Event "Budapest for 1800+"]
[Site "SchemingMind.com"]
[Date "2022.05.22"]
[Round "-"]
[White "Diadoco"]
[Black "William Lindberg"]
[Result "0-1"]
[WhiteCountry "MEX"]
[BlackCountry "USA"]
[WhiteElo "1851"]
[WhiteRD "107"]
[BlackElo "2385"]
[BlackRD "68"]
[GameID "723722"]

1. d4 Nf6 2. c4 e5 3. dxe5 Ng4 4. e3 Nxe5 5. Nh3 d6 6. Nf4 g6 7. Nc3 Bg7 8. Be2 O-O 9. O-O Nbd7 10. Qc2 c6
11. a3 Nf6 12. e4 h6 13. b3 g5 14. Nd3 Nxe4 15. Nxe4 Nxd3 16. Ra2 Nxc1 17. Qxc1 f5 18. Ng3 f4 19. Nh5 Be5 20. h3 Bf5
21. Bf3 Qc7 22. Re1 Rae8 23. g4 fxg3 24. Nxg3 Bxh3 25. Be4 d5 26. Bb1 Bxg3 27. fxg3 Qxg3+
0-1

[Event "Budapest for 1800+"]
[Site "SchemingMind.com"]
[Date "2022.05.22"]
[Round "-"]
[White "William Lindberg"]
[Black "Diadoco"]
[Result "1-0"]
[WhiteCountry "USA"]
[BlackCountry "MEX"]
[WhiteElo "2385"]
[WhiteRD "68"]
[BlackElo "1851"]
[BlackRD "107"]
[GameID "723723"]

1. d4 Nf6 2. c4 e5 3. dxe5 Ng4 4. Bf4 g5 5. Bd2 Nxe5 6. Nf3 Bg7 7. Nxe5 Bxe5 8. g3 Nc6 9. Nc3 d6 10. Bg2 O-O
11. Qc1 g4 12. h3 gxh3 13. Bxh3 Bxh3 14. Rxh3 Qd7 15. Rh2 Rae8 16. Bh6 Bg7 17. Bxg7 Kxg7 18. Qh6+
1-0

[Event "Budapest for 1800+"]
[Site "SchemingMind.com"]
[Date "2022.05.22"]
[Round "-"]
[White "William Lindberg"]
[Black "Raymond de Kemp"]
[Result "1-0"]
[WhiteCountry "USA"]
[BlackCountry "NED"]
[WhiteElo "2385"]
[WhiteRD "68"]
[BlackElo "1817"]
[BlackRD "68"]
[GameID "723724"]

1. d4 Nf6 2. c4 e5 3. dxe5 Ng4 4. Bf4 Bb4+ 5. Bd2 a5 6. Nf3 Nc6 7. Nc3 Ngxe5 8. e3 d6 9. a3 Bxc3 10. Bxc3 Bg4
11. Be2 O-O 12. Nxe5 Bxe2 13. Nxc6 Bxd1 14. Nxd8 Bf3 15. gxf3 Rfxd8 16. Rg1 f6 17. Bxf6 Rd7 18. Ke2 Rf7 19. Bc3 c5 20. Rg5 h6
21. Rg6 Rd8 22. Rag1 Rdd7 23. Rxh6
1-0

[Event "Budapest for 1800+"]
[Site "SchemingMind.com"]
[Date "2022.05.23"]
[Round "-"]
[White "Raymond de Kemp"]
[Black "William Lindberg"]
[Result "0-1"]
[WhiteCountry "NED"]
[BlackCountry "USA"]
[WhiteElo "1817"]
[WhiteRD "68"]
[BlackElo "2385"]
[BlackRD "68"]
[GameID "723725"]

1. d4 Nf6 2. c4 e5 3. dxe5 Ng4 4. e4 Nxe5 5. f4 Nec6 6. Be3 Bb4+ 7. Nd2 d6 8. Nf3 O-O 9. Bd3 Nd7 10. a3 Bc5
11. Bxc5 Nxc5 12. Bc2 Bg4 13. h3 Bxf3 14. Nxf3 Qf6 15. b4 Nxe4 16. Bxe4 Rae8 17. Nd2 Qh4+ 18. Kf1 Qxf4+ 19. Bf3 Re3 20. Kf2 Ne5
21. g3 Qd4 22. Kg2 Rd3 23. Ra2 Nxc4 24. Nb3 Qc3 25. Qe2 Qxb3 26. Be4 Rxg3+
0-1

[Event "Budapest for 1800+"]
[Site "SchemingMind.com"]
[Date "2022.05.22"]
[Round "-"]
[White "Diadoco"]
[Black "Robert Bruce"]
[Result "0-1"]
[WhiteCountry "MEX"]
[BlackCountry "SCO"]
[WhiteElo "1857"]
[WhiteRD "97"]
[BlackElo "2312"]
[BlackRD "72"]
[GameID "723728"]

1. d4 Nf6 2. c4 e5 3. dxe5 Ng4 4. Bf4 Nc6 5. Nf3 Bb4+ 6. Nc3 Bxc3+ 7. bxc3 Qe7 8. Qd5 b6 9. h3 Nh6 10. e4 Bb7
11. Bg5 Qe6 12. Bd3 Ng8 13. Qxe6+ dxe6 14. Ke2 h6 15. Bf4 Nb8 16. h4 Ne7 17. h5 Nd7 18. Be3 Nc6 19. Bf4 O-O-O 20. Rhd1 Nc5
21. Bc2 Ba6 22. Nd2 Na5 23. Bb3 Rd7 24. Rab1 Rhd8 25. f3 Rd3 26. Rdc1 Naxb3 27. axb3 Rxd2+ 28. Bxd2 Nxb3 29. Rd1 Bxc4+ 30. Ke1 Nc5
31. Kf2 Bb3 32. Ke2 a5 33. Be3 Bxd1+ 34. Rxd1 Nb3 35. Rxd8+ Kxd8 36. Kd3 a4 37. Kc2 Kd7 38. c4 Na5 39. c5 b5 40. Kb2 Nc4+
0-1

[Event "Budapest for 1800+"]
[Site "SchemingMind.com"]
[Date "2022.05.22"]
[Round "-"]
[White "Robert Bruce"]
[Black "Diadoco"]
[Result "1-0"]
[WhiteCountry "SCO"]
[BlackCountry "MEX"]
[WhiteElo "2312"]
[WhiteRD "72"]
[BlackElo "1857"]
[BlackRD "97"]
[GameID "723729"]

1. d4 Nf6 2. c4 e5 3. dxe5 Ng4 4. Nf3 Bc5 5. e3 Nc6 6. Nc3 Ngxe5 7. Nxe5 Nxe5 8. Be2 O-O 9. O-O Re8 10. b3 a5
11. Na4 Bf8 12. Bb2 Ra6 13. f4 Rd6 14. Qb1 Nc6 15. e4 Rh6 16. Rf2 d6 17. a3 Qh4 18. g3 Qe7 19. Bf3 Bd7 20. Qe1 b6
21. Rd1 f5 22. Re2 Re6 23. Nc3 fxe4 24. Bh5 g6 25. Nd5 Qd8 26. Bg4 Bg7 27. Bxe6+ Rxe6 28. Bxg7 Kxg7 29. Rxe4 Rxe4 30. Qxe4 Bf5
31. Qe3 Kf7 32. Re1 Qd7 33. b4 axb4 34. axb4 Be6 35. Nxc7 Bxc4 36. Qxb6 Nxb4 37. Qb8 Na6 38. Qh8 Qxc7 39. Qe8+ Kf6 40. g4 Qa7+
41. Kg2 h6 42. Qf8+ Qf7 43. Qh8+ Qg7 44. Qd8+
1-0

[Event "Budapest for 1800+"]
[Site "SchemingMind.com"]
[Date "2022.05.22"]
[Round "-"]
[White "Robert Bruce"]
[Black "William Lindberg"]
[Result "1/2-1/2"]
[WhiteCountry "SCO"]
[BlackCountry "USA"]
[WhiteElo "2312"]
[WhiteRD "72"]
[BlackElo "2404"]
[BlackRD "68"]
[GameID "723730"]

1. d4 Nf6 2. c4 e5 3. dxe5 Ng4 4. Nf3 Bc5 5. e3 Nc6 6. Be2 Ncxe5 7. Nxe5 Nxe5 8. Nc3 d6 9. O-O O-O 10. Na4 Bb6
11. b3 Re8 12. Bb2 Qh4 13. Qd2 Bg4 14. Bxg4 Qxg4 15. Kh1 Qg6 16. Nxb6 axb6 17. f3 f5 18. Bc3 h6 19. Rf2 Re6 20. Re1 Nd7
21. Qd4 Rae8 22. Qd2 h5 23. Rfe2 h4 24. Qd5 c6 25. Qd3 Nf6 26. Qd4 Qg5 27. Qxb6 Nh5 28. Qd4 Kh7 29. e4 Nf4 30. Rf2 Nh5
31. f4 Qh6 32. e5 Ng3+ 33. Kg1 Ne4 34. Rxe4 fxe4 35. Qxe4+ Kg8 36. Qf3 dxe5 37. Bxe5 h3 38. Qxh3 Qxh3 39. gxh3 Rd8 40. Re2 Kf7
41. Kf2 Rd3 42. h4 Rh6 43. Re3 Rd2+ 44. Kg3 Rg6+ 45. Kf3 Rgg2 46. h3 Rxa2 47. Re1 g6 48. b4 Rh2 49. Kg3 Rhg2+ 50. Kf3 Rh2
51. b5 Rxh3+ 52. Ke4 Rc2 53. bxc6 Rxc4+ 54. Kd5 Rxc6 55. Rb1 Rd3+ 56. Bd4 Rc7 57. Ke4 Ra3 58. Be5 Re7 59. Rd1 Ra4+ 60. Kf3 Ra6
61. Rd5 Rxe5 62. Rxe5 Rb6 63. Kg4 Rb1 64. Rc5 b5 65. f5 Rg1+=
1/2-1/2

[Event "Budapest for 1800+"]
[Site "SchemingMind.com"]
[Date "2022.05.22"]
[Round "-"]
[White "William Lindberg"]
[Black "Robert Bruce"]
[Result "1-0"]
[WhiteCountry "USA"]
[BlackCountry "SCO"]
[WhiteElo "2385"]
[WhiteRD "68"]
[BlackElo "2366"]
[BlackRD "73"]
[GameID "723731"]

1. d4 Nf6 2. c4 e5 3. dxe5 Ne4 4. a3 d6 5. Qc2 Nc5 6. b4 Ne6 7. exd6 Bxd6 8. Bb2 O-O 9. Nf3 a5 10. b5 Bd7
11. Nc3 Nc5 12. Rd1 Re8 13. Nd5 Bg4 14. Ne3 Bh5 15. Nf5 Nbd7 16. Nxg7 Bg6 17. Nf5 Be7 18. g3 Bf6 19. N3d4 Na4 20. Ba1 Nac5
21. Bg2 Re5 22. O-O Qf8 23. e4 Ree8 24. f4 Bxf5 25. Nxf5 Bxa1 26. Rxa1 Kh8 27. Rae1 Rad8 28. Re3 Nb6 29. g4 Rd7 30. g5 Nba4
31. Rd1 Nb6 32. Rxd7 Nbxd7 33. Qc3+ Ne5 34. fxe5 Ne6 35. h4 h5 36. Rf3 Kh7 37. Nh6 Nd8 38. Rf6 Qe7 39. Qf3 Qxe5 40. Rxf7+ Nxf7
41. Qxf7+ Kh8 42. g6 Qa1+ 43. Kh2 Qe5+ 44. Kh1 Qa1+ 45. Bf1 Qxf1+ 46. Qxf1 Rg8 47. Qf6+ Rg7 48. Qf8+ Rg8 49. Qxg8#
1-0

[Event "Budapest for 1800+"]
[Site "SchemingMind.com"]
[Date "2022.05.22"]
[Round "-"]
[White "Robert Bruce"]
[Black "Raymond de Kemp"]
[Result "0-1"]
[WhiteCountry "SCO"]
[BlackCountry "NED"]
[WhiteElo "2312"]
[WhiteRD "72"]
[BlackElo "1814"]
[BlackRD "70"]
[GameID "723732"]

1. d4 Nf6 2. c4 e5 3. dxe5 Ng4 4. Bf4 Nc6 5. Nf3 Bb4+ 6. Nbd2 Qe7 7. e3 Ngxe5 8. Nxe5 Nxe5 9. Be2 d6 10. O-O a5
11. a3 Bxd2 12. Qxd2 Ng6 13. Rac1 Nxf4 14. exf4 O-O 15. Rfe1 Qf6 16. Bf3 c6 17. b4 axb4 18. axb4 Bf5 19. b5 Bd7 20. Red1 Ra4
21. Qxd6 Qxd6 22. Rxd6 Bc8 23. bxc6 bxc6 24. Bxc6 Ra6 25. Rcd1 Be6 26. c5 g6 27. Bb7 Ra7 28. Rd8 Rxb7 29. R8d3 Bf5 30. Rc3 Rfb8
31. f3 Rb1 32. Rxb1 Rxb1+ 33. Kf2 Rb2+ 34. Kg3 Rc2 35. Rxc2 Bxc2 36. c6 Bf5 37. Kf2 Kf8 38. Ke3 Ke7 39. g4 Be6 40. g5 Kd6
0-1

[Event "Budapest for 1800+"]
[Site "SchemingMind.com"]
[Date "2022.05.22"]
[Round "-"]
[White "Raymond de Kemp"]
[Black "Robert Bruce"]
[Result "0-1"]
[WhiteCountry "NED"]
[BlackCountry "SCO"]
[WhiteElo "1814"]
[WhiteRD "70"]
[BlackElo "2312"]
[BlackRD "72"]
[GameID "723733"]

1. d4 Nf6 2. c4 e5 3. dxe5 Ne4 4. a3 d6 5. Nf3 Bf5 6. g3 Be7 7. exd6 Bf6 8. Nd4 Nxf2 9. Kxf2 Qxd6 10. Be3 Nc6
11. Bg2 Nxd4 12. Qa4+ c6 13. Nc3 Qe6 14. Rac1 O-O 15. c5 Rfe8 16. Bxd4 Rad8 17. Rcd1 Rxd4 18. Rxd4 Qe3+ 19. Ke1 Bxd4 20. Rf1 Bxc3+
0-1

[Event "Budapest for 1800+"]
[Site "SchemingMind.com"]
[Date "2022.05.24"]
[Round "-"]
[White "ramesse"]
[Black "Diadoco"]
[Result "1-0"]
[WhiteCountry "SVK"]
[BlackCountry "MEX"]
[WhiteElo "2525"]
[WhiteRD "79"]
[BlackElo "1857"]
[BlackRD "97"]
[GameID "723742"]

1. d4 Nf6 2. c4 e5 3. dxe5 Ng4 4. e4 Nxe5 5. f4 Nec6 6. Nc3 Bc5 7. Na4 Bb4+ 8. Kf2 O-O 9. Nf3 d6 10. a3 Bc5+
11. Nxc5 dxc5 12. Be3 b6 13. Bd3 Bb7 14. Re1 Nd7 15. e5 g6 16. Be4 Qe7 17. Qa4 Na5 18. Bxb7 Nxb7 19. Rad1 Rfd8 20. f5 gxf5
21. Bg5 Qe8 22. Bxd8 Rxd8 23. Qxa7 Na5 24. e6 fxe6 25. Qxc7 Nxc4 26. Qg3+ Kh8 27. Qh4 Na5 28. Ng5 e5 29. Qxh7#
1-0

[Event "Budapest for 1800+"]
[Site "SchemingMind.com"]
[Date "2022.05.22"]
[Round "-"]
[White "Diadoco"]
[Black "ramesse"]
[Result "0-1"]
[WhiteCountry "MEX"]
[BlackCountry "SVK"]
[WhiteElo "1857"]
[WhiteRD "97"]
[BlackElo "2525"]
[BlackRD "79"]
[GameID "723743"]

1. d4 Nf6 2. c4 e5 3. dxe5 Ng4 4. e3 Nxe5 5. Nh3 d5 6. Qxd5 Qf6 7. Nf4 c6 8. Qd4 Na6 9. Be2 Bc5 10. Qd1 O-O
11. Nc3 Bf5 12. O-O Rfd8 13. Qe1 Nb4 14. Bd1 a5 15. a3 Nbd3 16. Nxd3 Bxd3 17. Be2 Nxc4 18. Bxd3 Rxd3 19. Ne4 Qe7 20. Nxc5 Qxc5
21. Rb1 Qb5 22. Qe2 Rad8 23. b4 h6 24. e4 a4 25. Qg4 Ne5 26. Qh4 Rd1
0-1

[Event "Budapest for 1800+"]
[Site "SchemingMind.com"]
[Date "2022.05.22"]
[Round "-"]
[White "ramesse"]
[Black "Robert Bruce"]
[Result "0-1"]
[WhiteCountry "SVK"]
[BlackCountry "SCO"]
[WhiteElo "2301"]
[WhiteRD "72"]
[BlackElo "2336"]
[BlackRD "70"]
[GameID "723744"]

1. d4 Nf6 2. c4 e5 3. dxe5 Ne4 4. Nf3 d6 5. Qc2 Nc5 6. exd6 Qxd6 7. b4 Ne6 8. a3 a5 9. c5 Qd7 10. Ne5 Qd5
11. Bb2 Nd7 12. Nxd7 Bxd7 13. Nc3 Qg5 14. g3 Bc6 15. e4 Nd4 16. Qd1 O-O-O 17. Bh3+ Kb8 18. O-O h5 19. f4 Qe7 20. Re1 f5
21. Nd5 Bxd5 22. Qxd4 Bxe4 23. Qc4 Bd5 24. Qc3 Qf7 25. Rad1 h4 26. Bg2 hxg3 27. hxg3 c6 28. Qe5+ Ka7 29. Rxd5 cxd5 30. Bd4 Ka8
31. Bf2 Rh6 32. b5 Qd7 33. Rb1 Rg6 34. Qe1 Qc7 35. b6 Qc6 36. Qxa5+ Kb8 37. Rc1 Bd6 38. Re1 Bf8 39. Re5 Rxg3 40. Qa7+ Kc8
41. Bxg3 Bxc5+ 42. Bf2 g5
0-1

[Event "Budapest for 1800+"]
[Site "SchemingMind.com"]
[Date "2022.05.22"]
[Round "-"]
[White "Robert Bruce"]
[Black "ramesse"]
[Result "1-0"]
[WhiteCountry "SCO"]
[BlackCountry "SVK"]
[WhiteElo "2336"]
[WhiteRD "70"]
[BlackElo "2301"]
[BlackRD "72"]
[GameID "723745"]

1. d4 Nf6 2. c4 e5 3. dxe5 Ng4 4. Nf3 Bc5 5. e3 Nc6 6. Nc3 Ngxe5 7. Nxe5 Nxe5 8. Be2 d6 9. O-O a5 10. Ne4 O-O
11. Nxc5 dxc5 12. b3 Qf6 13. Qc2 Bf5 14. e4 Bg6 15. Ba3 Rfe8 16. f3 Qe7 17. Rad1 Nc6 18. Rd5 Nb4 19. Bxb4 axb4 20. Rfd1 Red8
21. Qd2 Rxd5 22. cxd5 Qd6 23. Bc4 f6 24. Qe3 Re8 25. Re1 h6 26. h4 h5 27. Re2 b6 28. g3 Re5 29. Bd3 f5 30. Qf4 fxe4
31. fxe4 Be8 32. Rf2 Bg6 33. Re2 Qe7 34. Kg2 Be8 35. Kh2 c6 36. Rd2 cxd5 37. exd5 b5 38. d6 Qe6 39. Bf1 Bd7 40. Rf2
1-0

[Event "Budapest for 1800+"]
[Site "SchemingMind.com"]
[Date "2022.05.24"]
[Round "-"]
[White "ramesse"]
[Black "William Lindberg"]
[Result "0-1"]
[WhiteCountry "SVK"]
[BlackCountry "USA"]
[WhiteElo "2301"]
[WhiteRD "72"]
[BlackElo "2414"]
[BlackRD "67"]
[GameID "723746"]

1. d4 Nf6 2. c4 e5 3. dxe5 Ng4 4. e4 Nxe5 5. f4 Nec6 6. Nc3 Bc5 7. Qg4 O-O 8. f5 Be7 9. h4 Nb4 10. Bh6 Bf6
11. Bg5 d6 12. O-O-O Nd7 13. Nf3 b6 14. e5 dxe5 15. Rh3 Re8 16. Rg3 Bxg5+ 17. Nxg5 Qf6 18. Nce4 Qh6 19. c5 Nxc5 20. Nxc5 bxc5
21. Bc4 Rf8 22. Bxf7+ Kh8 23. Qe4 Qc6 24. Qxc6 Nxc6 25. Bd5 Bd7 26. Nf7+ Rxf7 27. Bxf7 Nd4 28. Re3 Rf8 29. Be6 Nxf5 30. Bxf5 Bxf5
31. Rf1 h5 32. Rxe5 g6 33. Rfe1 Kg7 34. Re8 Rf7 35. R8e7 c4 36. Kd2 a6 37. R1e5 Kf6 38. Rxf7+ Kxe5 39. Rxc7 Kf4 40. Rxc4+ Kg3
41. b4 Bd7
0-1

[Event "Budapest for 1800+"]
[Site "SchemingMind.com"]
[Date "2022.05.22"]
[Round "-"]
[White "William Lindberg"]
[Black "ramesse"]
[Result "1/2-1/2"]
[WhiteCountry "USA"]
[BlackCountry "SVK"]
[WhiteElo "2404"]
[WhiteRD "68"]
[BlackElo "2525"]
[BlackRD "79"]
[GameID "723747"]

1. d4 Nf6 2. c4 e5 3. dxe5 Ng4 4. Nf3 Nc6 5. Bg5 Be7 6. Bxe7 Qxe7 7. e3 Qb4+ 8. Qd2 Qxd2+ 9. Nbxd2 Ngxe5 10. Nxe5 Nxe5
11. c5 b6 12. Rc1 Bb7 13. f3 Ke7 14. Kf2 Nc6 15. Be2 Nd8 16. Rhd1 Ne6 17. Nb3 Rhb8 18. e4 bxc5 19. Nxc5 Bc6 20. Rd2 a5
21. g4 a4 22. h4 h6 23. Ke3 Ra5 24. Nxe6 fxe6 25. Bd3 Ra7 26. Rc5 Rb6 27. Rcc2 e5 28. g5 h5 29. a3 Ra8 30. Rc5 Kd6
31. Rcc2 Ke7 32. Rc5=
1/2-1/2

[Event "Budapest for 1800+"]
[Site "SchemingMind.com"]
[Date "2022.05.24"]
[Round "-"]
[White "ramesse"]
[Black "Raymond de Kemp"]
[Result "1-0"]
[WhiteCountry "SVK"]
[BlackCountry "NED"]
[WhiteElo "2525"]
[WhiteRD "79"]
[BlackElo "1814"]
[BlackRD "70"]
[GameID "723748"]

1. d4 Nf6 2. c4 e5 3. dxe5 Ng4 4. e4 Nxe5 5. f4 Nec6 6. Nc3 Bc5 7. Qg4 O-O 8. f5 Nd4 9. Bh6 Qf6 10. Bg5 Qb6
11. O-O-O g6 12. Nd5 Qa5 13. Nf6+ Kh8 14. Qh4 h5 15. Nxh5
1-0

[Event "Budapest for 1800+"]
[Site "SchemingMind.com"]
[Date "2022.05.23"]
[Round "-"]
[White "Raymond de Kemp"]
[Black "ramesse"]
[Result "0-1"]
[WhiteCountry "NED"]
[BlackCountry "SVK"]
[WhiteElo "1765"]
[WhiteRD "70"]
[BlackElo "2301"]
[BlackRD "72"]
[GameID "723749"]

1. d4 Nf6 2. c4 e5 3. dxe5 Ng4 4. e4 Nxe5 5. f4 Nec6 6. Nc3 Bc5 7. Nf3 d6 8. Bd3 a5 9. Qe2 Bg4 10. Be3 Nd7
11. h3 Bxf3 12. gxf3 Qh4+ 13. Kd2 Nd4 14. Qg2 Ne6 15. Bxc5 dxc5 16. Nd5 O-O-O 17. f5 Nd4 18. Raf1 c6 19. Ne3 Ne5 20. Nd5 cxd5
21. f4 Nxd3 22. Kxd3 dxe4+
0-1

[Event "Budapest for 1800+"]
[Site "SchemingMind.com"]
[Date "2022.06.04"]
[Round "-"]
[White "ramesse"]
[Black "Ramesh Panwar"]
[Result "0-1"]
[WhiteCountry "SVK"]
[BlackCountry "IND"]
[WhiteElo "2301"]
[WhiteRD "72"]
[BlackElo "2602"]
[BlackRD "90"]
[GameID "723930"]

1. d4 Nf6 2. c4 e5 3. dxe5 Ng4 4. e4 Nxe5 5. f4 Nec6 6. Be3 Bb4+ 7. Nc3 Bxc3+ 8. bxc3 Qe7 9. Bd3 b6 10. Nf3 Bb7
11. e5 Na6 12. Be4 f6 13. O-O O-O-O 14. Rb1 Na5 15. Bxb7+ Nxb7 16. Qa4 Nbc5 17. Bxc5 Qxc5+ 18. Kh1 Kb7 19. Nd4 fxe5 20. Nb3 Qe7
21. Qb5 Nb8 22. f5 c6 23. Qa4 c5 24. Qb5 Kc7 25. Nd2 e4 26. Rfe1 e3 27. Nf1 e2 28. Ng3 Rhe8 29. Rxe2 Qf7 30. Rf2 Re3
31. Rbf1 Nc6 32. Qb3 Rf8 33. Rf4 Qf6 34. Qb1 Qxc3 35. f6 g6 36. Ne4 Qd3 37. Qxd3 Rxd3 38. g4 Nd4 39. Nf2 Ra3 40. Ne4 Rxa2
41. Nc3 Rc2 42. Nd5+ Kd6
0-1

[Event "Budapest for 1800+"]
[Site "SchemingMind.com"]
[Date "2022.06.04"]
[Round "-"]
[White "Ramesh Panwar"]
[Black "ramesse"]
[Result "1-0"]
[WhiteCountry "IND"]
[BlackCountry "SVK"]
[WhiteElo "2602"]
[WhiteRD "90"]
[BlackElo "2301"]
[BlackRD "72"]
[GameID "723931"]

1. d4 Nf6 2. c4 e5 3. dxe5 Ng4 4. Nf3 Bc5 5. e3 Nc6 6. a3 h5 7. b4 Be7 8. Bb2 d6 9. exd6 Qxd6 10. Nc3 Qxd1+
11. Rxd1 Nf6 12. Nd5 Bd8 13. Nf4 Be7 14. Be2 Nd8 15. Nd5 Nxd5 16. cxd5 f6 17. Nd4 c6 18. dxc6 Nxc6 19. Nb5 Kf7 20. Bc4+ Kg6
21. Ke2 Bf5 22. Nd6 Bxd6 23. Rxd6 Rac8 24. Rc1 Rhd8 25. Rxd8 Nxd8 26. f3 Bd7 27. Bd3+ Kf7 28. Rxc8 Bxc8 29. e4 Nc6 30. f4 a6
31. Ke3 Bd7 32. Be2 g6 33. f5 h4 34. Kf4 gxf5 35. exf5 Kg7 36. b5 Ne7 37. bxa6 bxa6 38. Bxa6 Nxf5 39. a4 Ne7 40. a5 Bc6
41. Bf1
1-0

[Event "Budapest for 1800+"]
[Site "SchemingMind.com"]
[Date "2022.05.31"]
[Round "-"]
[White "Diadoco"]
[Black "Ramesh Panwar"]
[Result "0-1"]
[WhiteCountry "MEX"]
[BlackCountry "IND"]
[WhiteElo "1857"]
[WhiteRD "97"]
[BlackElo "2543"]
[BlackRD "101"]
[GameID "723932"]

1. d4 Nf6 2. c4 e5 3. dxe5 Ng4 4. Bf4 Nc6 5. Nf3 Bb4+ 6. Nc3 Qe7 7. Qd5 Bxc3+ 8. bxc3 f6 9. exf6 Nxf6 10. Qd3 d6
11. g3 O-O 12. Bg2 Bg4 13. O-O Rae8 14. Rfe1 b6 15. Rad1 Kh8 16. h3 Bh5 17. Nh4 Ne4 18. Bxe4 Qxe4 19. Be3 Qe7 20. Nf5 Qd7
21. g4 Bg6 22. c5 Ne5 23. Qd5 Bxf5 24. gxf5 bxc5 25. Kh2 Rxf5 26. Qg2 Qf7 27. Rg1 Nc4 28. Rdf1 a5 29. Kh1 Nxe3 30. fxe3 Rxf1
31. Rxf1 Qxa2 32. Qf3 a4 33. Qc6 Rg8 34. Qxc7 Qxe2 35. Rf7 Qxe3 36. Qxd6 Qxh3+ 37. Kg1 a3 38. Ra7 Qxc3 39. Qa6 Qe3+ 40. Kh1 Rf8
41. Qxa3 Rf1+
0-1

[Event "Budapest for 1800+"]
[Site "SchemingMind.com"]
[Date "2022.05.31"]
[Round "-"]
[White "Ramesh Panwar"]
[Black "Diadoco"]
[Result "1-0"]
[WhiteCountry "IND"]
[BlackCountry "MEX"]
[WhiteElo "2563"]
[WhiteRD "112"]
[BlackElo "1851"]
[BlackRD "107"]
[GameID "723933"]

1. d4 Nf6 2. c4 e5 3. dxe5 Ng4 4. Nf3 Bc5 5. e3 Nc6 6. Nc3 Ngxe5 7. Nxe5 Nxe5 8. f4 Ng6 9. Qf3 O-O 10. h4 d6
11. Bd2 Re8 12. O-O-O c6 13. Bd3 f5 14. h5 Ne7 15. Na4 Bb6 16. Bc3 Bc7 17. Qg3 g6 18. hxg6 Nxg6 19. Rxh7 Kxh7 20. Rh1+ Kg8
21. Qxg6+
1-0

[Event "Budapest for 1800+"]
[Site "SchemingMind.com"]
[Date "2022.06.03"]
[Round "-"]
[White "Robert Bruce"]
[Black "Ramesh Panwar"]
[Result "0-1"]
[WhiteCountry "SCO"]
[BlackCountry "IND"]
[WhiteElo "2336"]
[WhiteRD "70"]
[BlackElo "2602"]
[BlackRD "90"]
[GameID "723934"]

1. d4 Nf6 2. c4 e5 3. dxe5 Ng4 4. Bf4 Bb4+ 5. Nd2 Nc6 6. Nf3 Qe7 7. e3 Ngxe5 8. Nxe5 Nxe5 9. Be2 d6 10. O-O Bc5
11. Ne4 Bb6 12. Qd5 Nc6 13. Nc3 Be6 14. Qd1 O-O 15. Nd5 Bxd5 16. cxd5 Ne5 17. a4 a5 18. g3 f6 19. Rc1 Kh8 20. h4 Bc5
21. Kg2 f5 22. Qc2 Qf7 23. Rfd1 b6 24. Qc3 Ng4 25. Bb5 Rac8 26. Rd3 h6 27. Rh1 Nf6 28. Qb3 Qh5 29. Rdd1 Ng4 30. Qd3 Rf7
31. Rc1 Rb8 32. Qd1 Re7 33. Bc6 Rf8 34. Rc4 Qf7 35. Rc1 Re4 36. Rc3 Bb4 37. Rc2 Re7 38. Qf3 Bc5 39. Rc4 g6 40. Bb5 Kg8
41. Rc2 Qf6 42. Bd3 Rg7 43. e4 g5 44. hxg5 hxg5 45. e5 dxe5 46. d6 exf4 47. Bc4+ Rgf7 48. gxf4 Bxd6 49. Qh3 Qg7 50. fxg5 Ne5
51. Kf1 Nxc4 52. Rxc4 Qxb2 53. Rc3 Be5 54. Re3 Bd4 55. g6 Re7 56. Rf3 Qa1+ 57. Kg2 Qxa4 58. Qh5 Qb5 59. Qg5 Qe5 60. Rh4 c5
61. Qc1 Qd5 62. Qh1 a4 63. Rh7 Bg7 64. Qh4 Ra7
0-1

[Event "Budapest for 1800+"]
[Site "SchemingMind.com"]
[Date "2022.06.03"]
[Round "-"]
[White "Ramesh Panwar"]
[Black "Robert Bruce"]
[Result "1-0"]
[WhiteCountry "IND"]
[BlackCountry "SCO"]
[WhiteElo "2602"]
[WhiteRD "90"]
[BlackElo "2336"]
[BlackRD "70"]
[GameID "723935"]

1. d4 Nf6 2. c4 e5 3. dxe5 Ne4 4. a3 b6 5. Nf3 Bb7 6. g3 a5 7. Bg2 Be7 8. Qc2 O-O 9. O-O f6 10. exf6 Bxf6
11. Ng5 Bxg5 12. Bxe4 Bxe4 13. Qxe4 c6 14. Nc3 Na6 15. Qc2 Nc5 16. Ne4 Nxe4 17. Qxe4 Bf6 18. Rd1 Re8 19. Qc2 Qe7 20. Be3 Qe6
21. Rd3 d5 22. cxd5 cxd5 23. Re1 Rec8 24. Qd2 Rc6 25. Bd4 Be7 26. Bc3 Rd6 27. b4 Rc8 28. bxa5 bxa5 29. Bxa5 Rdc6 30. Rxd5 Bxa3
31. Rd8+ Rxd8 32. Qxd8+ Bf8 33. Bb4 Rc8 34. Qd2 Bxb4 35. Qxb4 Qc4 36. Qxc4+ Rxc4 37. h4 h6 38. Rd1 Rc2 39. e3 Kf7 40. Rd5 Rc6
41. h5 Re6 42. Rf5+ Ke7 43. Kg2 Ra6 44. e4 Ra4 45. Re5+ Kf6 46. Rf5+ Ke7 47. Kf3 Rc4 48. Kf4 Rc6 49. f3 Rb6 50. Rd5 g5+
51. Kf5 Rb3 52. Kg6 Rxf3 53. Kxh6 Rxg3 54. Kg7 Re3 55. h6 Rxe4 56. h7 Ke6 57. Rxg5
1-0

[Event "Budapest for 1800+"]
[Site "SchemingMind.com"]
[Date "2022.05.31"]
[Round "-"]
[White "William Lindberg"]
[Black "Ramesh Panwar"]
[Result "1/2-1/2"]
[WhiteCountry "USA"]
[BlackCountry "IND"]
[WhiteElo "2404"]
[WhiteRD "68"]
[BlackElo "2543"]
[BlackRD "101"]
[GameID "723936"]

1. d4 Nf6 2. c4 e5 3. dxe5 Ng4 4. e3 Nxe5 5. Nc3 Bc5 6. f4 Ng6 7. Bd3 d6 8. Nge2 Nd7 9. O-O O-O 10. Qc2 a6
11. Ne4 Ba7 12. b4 Nh4 13. N2c3 f5 14. Nf2 b5 15. cxb5 axb5 16. Nfd1 Bb7 17. Rf2 Bb6 18. Nxb5 Nf6 19. Bb2 Ng4 20. Re2 Rf6
21. Bxf6 Qxf6 22. Rc1 Kh8 23. Nxc7 Rc8 24. Qb2 Qxb2 25. Nxb2 Nxe3 26. Na4 Bd4 27. g3 g5 28. gxh4 gxf4 29. Kf2 f3 30. Nb5 Rxc1
31. Rxe3 Bxe3+ 32. Kxe3 Be4 33. Bxe4 fxe4 34. Nac3 d5 35. Nxd5 Rc2 36. Kxe4 f2 37. Ne3 Re2 38. Kf3 Rxe3+ 39. Kxf2 Rh3 40. Nd6 Rxh4
41. b5 Rxh2+ 42. Ke3 Rxa2 43. Nc4 Kg7 44. b6 Ra8 45. Kd4 h5 46. Ne3 Kf6 47. Kd5 Rh8=
1/2-1/2